[Event "XXXIII MIEDZYNARODOWE SZACHOWE MISTRZOSTWA MALOPOLSKI - Grupa A"]
[Site "Hotel Galaxy, ul. Gesia 22a, Krakow"]
[Date "1899-12-30"]
[Round "6.4"]
[White "Kacprzak, Kacper"]
[Black "Mis, Mieszko"]
[Result "1/2-1/2"]
[WhiteTitle "k++"]
[BlackTitle "FM"]
[WhiteElo "2228"]
[BlackElo "2364"]

1. e4 d6 2. d4 Nf6 3. Nc3 g6 4. Nf3 Bg7 5. Be2 O-O 6. O-O Nc6 7. d5 Nb8 8. h3 c6
9. Re1 a6 10. a4 b6 11. Bf1 Bb7 12. Bg5 Nbd7 13. Qd2 Re8 14. Rad1 Qc7 15. Bh6
Bh8 16. Qg5 Rab8 17. Nd4 cxd5 18. exd5 Ne5 19. Nb3 Nc4 20. Bxc4 Qxc4 21. Rd4 Qc7
22. Rd2 Qd7 23. Nd4 Rbc8 24. Rdd1 Rc5 25. Nb3 Rc7 26. Qe3 b5 27. axb5 axb5 28.
Qe2 b4 29. Ne4 Nxd5 30. Na5 Ba8 31. Nc4 Rec8 32. b3 Nc3 33. Nxc3 Bxc3 34. Bd2
Qc6 35. Qg4 Bxd2 36. Rxd2 Qc5 37. Ne3 Bc6 38. Rd4 h5 39. Qd1 Bb7 40. Qd2 Qc3 41.
Rd1 Qxd2 42. R1xd2 d5 1/2-1/2

[Event "XXXIII MIEDZYNARODOWE SZACHOWE MISTRZOSTWA MALOPOLSKI - Grupa A"]
[Site "Hotel Galaxy, ul. Gesia 22a, Krakow"]
[Date "1899-12-30"]
[Round "6.5"]
[White "Wiewiora, Eneasz"]
[Black "Kacprzak, Karol"]
[Result "1/2-1/2"]
[WhiteTitle "FM"]
[BlackTitle "k+"]
[WhiteElo "2314"]
[BlackElo "2229"]

1. e4 c5 2. c3 Nf6 3. e5 Nd5 4. d4 cxd4 5. Nf3 e6 6. cxd4 d6 7. a3 Bd7 8. Bd3 Bc6
9. O-O Nd7 10. Qe2 dxe5 11. Nxe5 Nxe5 12. dxe5 Be7 13. Rd1 Qc7 14. Bd2 O-O 15.
Nc3 Nxc3 16. Bxc3 Rfd8 17. Bc2 a6 18. Rxd8+ Rxd8 19. Rd1 Bc5 20. Rd2 g6 21. Qd1
Rxd2 22. Qxd2 Bd5 23. Bd3 Qe7 24. Qf4 Qc7 25. Qd2 Bf8 26. h3 Qc6 27. Bf1 Qc7 28.
Bd4 Be7 29. Qc3 Qd8 1/2-1/2

[Event "XXXIII MIEDZYNARODOWE SZACHOWE MISTRZOSTWA MALOPOLSKI - Grupa A"]
[Site "Hotel Galaxy, ul. Gesia 22a, Krakow"]
[Date "1899-12-30"]
[Round "6.6"]
[White "Suder, Jakub"]
[Black "Tymrakiewicz, Rafal"]
[Result "1-0"]
[WhiteTitle "FM"]
[BlackTitle "FM"]
[WhiteElo "2265"]
[BlackElo "2154"]

1. d4 Nf6 2. c4 d6 3. Nc3 g6 4. e4 Bg7 5. Nf3 O-O 6. Be2 e5 7. O-O Na6 8. Be3 Ng4
9. Bg5 f6 10. Bh4 Nh6 11. dxe5 dxe5 12. Qc1 Nf7 13. Rd1 Qe8 14. c5 c6 15. Bxa6
bxa6 16. Ne1 Rb8 17. f3 Bh6 18. Qc2 Be3+ 19. Bf2 Bxf2+ 20. Qxf2 f5 21. exf5 gxf5
22. b3 Qe7 23. f4 exf4 24. Nd3 Qe3 25. Ne2 a5 26. Ndxf4 Qxf2+ 27. Kxf2 a4 28.
Nd4 Bd7 29. Nf3 Bc8 30. Rd3 Rb5 31. Rc1 axb3 32. axb3 Rd8 33. Re3 Kf8 34. Rc4
Re8 35. Rxe8+ Kxe8 36. Rc3 Rb4 37. g3 Ke7 38. Rd3 Bd7 39. Re3+ Re4 40. Rxe4+ fxe4
41. Nd2 Bf5 42. Ke3 Ne5 43. h3 a5 44. g4 Be6 45. Kxe4 Nd7 46. Nxe6 Kxe6 47. Kd4
Ne5 48. Nc4 Nf3+ 49. Ke3 Ng5 50. h4 Nf7 51. Ke4 Nh6 52. g5 Nf5 53. Nxa5 Nxh4 54.
Nxc6 Ng6 55. b4 Nf8 56. Ne5 Ke7 57. b5 Ne6 58. Kd5 Nxg5 59. b6 Kd8 60. c6 Kc8
61. Nd7 1-0

[Event "XXXIII MIEDZYNARODOWE SZACHOWE MISTRZOSTWA MALOPOLSKI - Grupa A"]
[Site "Hotel Galaxy, ul. Gesia 22a, Krakow"]
[Date "1899-12-30"]
[Round "6.7"]
[White "Zarnowski, Krzysztof"]
[Black "Kaliszuk, Kamil"]
[Result "1/2-1/2"]
[WhiteTitle "I++"]
[BlackTitle "k"]
[WhiteElo "2079"]
[BlackElo "2249"]

1. d4 d5 2. c4 e6 3. Nc3 c6 4. e3 Nf6 5. Nf3 Nbd7 6. Bd3 Bd6 7. O-O O-O 8. e4 dxc4
9. Bxc4 e5 10. Bg5 b5 11. Bb3 Bb7 12. d5 Nc5 13. Re1 b4 14. dxc6 Bxc6 15. Nd5
Bxd5 16. Bxd5 Rb8 17. Qd2 h6 18. Bh4 Qe7 19. Rad1 1/2-1/2

[Event "XXXIII MIEDZYNARODOWE SZACHOWE MISTRZOSTWA MALOPOLSKI - Grupa A"]
[Site "Hotel Galaxy, ul. Gesia 22a, Krakow"]
[Date "1899-12-30"]
[Round "6.9"]
[White "Licznerski, Lukasz"]
[Black "Poysti, Nathanael"]
[Result "1-0"]
[WhiteTitle "IM"]
[BlackTitle ""]
[WhiteElo "2460"]
[BlackElo "2131"]

1. e4 c5 2. Nf3 d6 3. d4 cxd4 4. Qxd4 Nc6 5. Bb5 a6 6. Bxc6+ bxc6 7. O-O e5 8.
Qd3 Qc7 9. c4 Be7 10. Nc3 Nf6 11. c5 dxc5 12. Na4 O-O 13. Be3 Rd8 14. Qc2 Rd4
15. Bxd4 cxd4 16. Rac1 Bd7 17. Nc5 Bg4 18. Nd2 a5 19. Rfe1 Nh5 20. h3 Bc8 21.
Nf3 Nf4 22. Nd3 Nxd3 23. Qxd3 Ba6 24. Qc2 c5 25. b3 Rc8 26. Nd2 Bg5 27. Rcd1 Bxd2
28. Rxd2 Qb6 29. Rc1 Qb7 30. f3 h6 31. Qb2 Qb4 32. Rf2 f6 33. Qd2 Qa3 34. Qb2
Qb4 35. Kh2 a4 36. Qd2 Qb6 37. Qc2 Kh7 38. Rd2 axb3 39. axb3 c4 40. bxc4 Rxc4
41. Qd1 d3 42. Ra1 Rc7 43. Qg1 Qd6 44. Raa2 Bb5 45. Rab2 Ba4 46. Qb6 Qxb6 47.
Rxb6 Bc2 48. Ra6 Rd7 49. Kg3 Kg6 50. Kf2 Rb7 51. Ra1 h5 52. h4 Rb5 53. Ke3 Rb4
54. Rf2 Rb6 55. Rff1 Rb5 56. Ra2 Rb6 57. Rfa1 Rb7 58. Ra8 Rd7 59. Kd2 Kh7 60.
R1a6 Rb7 61. R8a7 Rb1 62. Rxf6 Rg1 63. Rf5 Rxg2+ 64. Kc3 Bb1 65. Rxh5+ Kg6 66.
Rxe5 Rc2+ 67. Kb3 Rf2 68. Rg5+ Kh7 69. Ra6 Kg8 70. Rh5 Kf7 71. Ra8 Kg6 72. Rf5
Rf1 73. Ra1 Rd1 74. Kc3 Rc1+ 75. Kd2 Rh1 76. h5+ Kh7 77. Rd5 Rh2+ 78. Ke3 Bc2
79. Ra7 Re2+ 80. Kf4 d2 81. Rad7 1-0

[Event "XXXIII MIEDZYNARODOWE SZACHOWE MISTRZOSTWA MALOPOLSKI - Grupa A"]
[Site "Hotel Galaxy, ul. Gesia 22a, Krakow"]
[Date "1899-12-30"]
[Round "6.10"]
[White "Malik, Maciej"]
[Black "Razin, Vadim"]
[Result "0-1"]
[WhiteTitle "k"]
[BlackTitle ""]
[WhiteElo "2045"]
[BlackElo "2407"]

1. Nf3 d5 2. g3 Nf6 3. Bg2 c6 4. d3 Bf5 5. O-O e6 6. Nbd2 h6 7. c4 Nbd7 8. Re1
Bh7 9. b3 Be7 10. Bb2 O-O 11. Ne5 Nxe5 12. Bxe5 Bc5 13. e4 dxe4 14. Nxe4 Bxe4
15. Bxe4 Bd4 16. Bxd4 Qxd4 17. Qe2 Rfd8 18. Rad1 a5 19. a3 Qc3 20. Rb1 Nxe4 21.
dxe4 Rd2 22. Qe3 Qxe3 23. Rxe3 Rad8 24. Kf1 Ra2 25. Re2 Rxa3 26. Reb2 Rd4 27.
f3 g5 28. Ke2 Kg7 29. Rh1 g4 30. Rc1 gxf3+ 31. Ke3 c5 32. Kxf3 Rd3+ 33. Kg4 Raxb3
34. Rxb3 Rxb3 0-1

[Event "XXXIII MIEDZYNARODOWE SZACHOWE MISTRZOSTWA MALOPOLSKI - Grupa A"]
[Site "Hotel Galaxy, ul. Gesia 22a, Krakow"]
[Date "1899-12-30"]
[Round "6.11"]
[White "Malicka, Maria"]
[Black "Aymerich Verdaguer, Eduard"]
[Result "0-1"]
[WhiteTitle "WGM"]
[BlackTitle "CM"]
[WhiteElo "2255"]
[BlackElo "2189"]

1. e4 c5 2. Nf3 e6 3. d4 cxd4 4. Nxd4 Nc6 5. Nc3 Qc7 6. Be3 a6 7. Qd2 Nf6 8. O-O-O
Bb4 9. f3 Ne5 10. Nb3 b5 11. Qe1 Be7 12. f4 Nc4 13. e5 Ng4 14. Bd4 f5 15. h3 Nh6
16. g4 Bb7 17. Rg1 g6 18. Qf2 Rc8 19. Bg2 Bxg2 20. Rxg2 Qc6 21. g5 Nf7 22. Rd3
b4 23. Nd1 a5 24. Kb1 a4 25. Nc1 Nd8 26. h4 Nb7 27. h5 Nc5 28. Bxc5 Bxc5 29. Qf3
Nb6 30. Rh2 Kf7 31. hxg6+ hxg6 32. Qxc6 dxc6 33. Rdh3 Rxh3 34. Rxh3 Kg7 35. Nd3
Rd8 36. Kc1 Be7 37. Ne3 c5 38. b3 a3 39. Kd2 Rd4 40. c4 bxc3+ 41. Kxc3 Nd5+ 42.
Nxd5 exd5 43. Rf3 Re4 44. Kd2 c4 45. bxc4 dxc4 46. Nc1 Bb4+ 47. Kc2 Kf7 48. Rf1
Rd4 49. Rf2 Ke6 50. Kb1 Kd5 51. Kc2 Ke4 52. e6 Kd5 53. Rh2 Kxe6 54. Rh6 Rd2+ 55.
Kb1 Rb2+ 56. Ka1 Bc3 0-1

[Event "XXXIII MIEDZYNARODOWE SZACHOWE MISTRZOSTWA MALOPOLSKI - Grupa A"]
[Site "Hotel Galaxy, ul. Gesia 22a, Krakow"]
[Date "1899-12-30"]
[Round "6.12"]
[White "Lewicki, Miroslaw"]
[Black "Majek, Kacper"]
[Result "1-0"]
[WhiteTitle "IM"]
[BlackTitle "k"]
[WhiteElo "2359"]
[BlackElo "2083"]

1. e4 e5 2. Nf3 Nc6 3. Bb5 a6 4. Ba4 Nf6 5. d3 Bc5 6. c3 d6 7. O-O O-O 8. h3 h6
9. d4 Ba7 10. Bc2 exd4 11. Nxd4 Re8 12. Re1 Ne5 13. Nd2 d5 14. f4 Nc6 15. e5 Nxd4
16. cxd4 Bxd4+ 17. Kh1 Ng4 18. Qe2 Bf2 19. Rf1 Ne3 20. Nf3 Nxc2 21. Qxc2 Bb6 22.
f5 Qd7 23. e6 fxe6 24. Ne5 Qb5 25. Bxh6 exf5 26. Bxg7 Qc5 27. Qa4 Qe7 28. Bf6
Qxf6 29. Qxe8+ Qf8 30. Qh5 Be3 31. Rf3 f4 32. Raf1 Qg7 33. Rxe3 Bxh3 34. Rxh3
1-0

[Event "XXXIII MIEDZYNARODOWE SZACHOWE MISTRZOSTWA MALOPOLSKI - Grupa A"]
[Site "Hotel Galaxy, ul. Gesia 22a, Krakow"]
[Date "1899-12-30"]
[Round "6.13"]
[White "Orzech, Dominik"]
[Black "Krawczyk, Wojciech"]
[Result "1-0"]
[WhiteTitle "IM"]
[BlackTitle "I++"]
[WhiteElo "2291"]
[BlackElo "1985"]

1. e4 c6 2. d4 d5 3. exd5 cxd5 4. c4 Nf6 5. Nc3 e6 6. Nf3 Be7 7. Bd3 O-O 8. O-O
dxc4 9. Bxc4 Nc6 10. Bg5 b6 11. Rc1 Bb7 12. Bd3 Nb4 13. Bb1 h6 14. Bh4 Rc8 15.
Re1 Bxf3 16. Qxf3 Qxd4 17. Bg3 Nbd5 18. Be5 Qc4 19. Bd3 Qg4 20. Nxd5 exd5 21.
Qxg4 Nxg4 22. Rxc8 Rxc8 23. Bf5 Nxe5 24. Bxc8 Bf6 25. Rd1 d4 26. Bb7 Kf8 27. Kf1
Nc4 28. b3 Nb2 29. Rc1 d3 30. Bf3 d2 31. Rb1 Ke7 32. Bd1 Kd6 33. Ke2 Bc3 34. Bc2
b5 35. f4 a5 36. Rf1 a4 37. Rf3 axb3 38. Rxc3 bxc2 39. Kxd2 Nc4+ 40. Rxc4 bxc4
41. Kxc2 Kc5 42. Kc3 Kb5 43. g4 g6 44. h4 h5 45. g5 Kc5 46. a4 Kd5 47. a5 1-0

[Event "XXXIII MIEDZYNARODOWE SZACHOWE MISTRZOSTWA MALOPOLSKI - Grupa A"]
[Site "Hotel Galaxy, ul. Gesia 22a, Krakow"]
[Date "1899-12-30"]
[Round "6.14"]
[White "Makhynia, Kostiantyn"]
[Black "Kaim, Piotr"]
[Result "1/2-1/2"]
[WhiteTitle "I"]
[BlackTitle "m"]
[WhiteElo "2015"]
[BlackElo "2167"]

1. d4 Nf6 2. Nf3 g6 3. g3 Bg7 4. c4 O-O 5. Bg2 d6 6. O-O Nbd7 7. Nc3 e5 8. e4 a6
9. Re1 exd4 10. Nxd4 Ng4 11. h3 Qf6 12. Nf3 Nge5 13. Nxe5 Nxe5 14. Qe2 Be6 15.
Nd5 Qd8 16. Be3 Nxc4 17. Qxc4 c6 18. Qb4 cxd5 19. exd5 Bf5 20. g4 a5 21. Qa3 Bc8
22. Bf4 Ra6 23. Re2 g5 24. Bg3 b5 25. Qd3 Ra7 26. Be4 h6 27. f4 b4 28. Qe3 Rc7
29. Bd3 Rc5 30. Rf1 Rxd5 31. Qe4 Rxd3 32. Qxd3 Qb6+ 33. Bf2 Ba6 34. Bxb6 Bxd3
35. Rd2 Bxf1 36. Kxf1 f5 37. fxg5 fxg4+ 38. Kg2 gxh3+ 39. Kxh3 Rf5 1/2-1/2

[Event "XXXIII MIEDZYNARODOWE SZACHOWE MISTRZOSTWA MALOPOLSKI - Grupa A"]
[Site "Hotel Galaxy, ul. Gesia 22a, Krakow"]
[Date "1899-12-30"]
[Round "6.15"]
[White "Trybus, Daniel"]
[Black "Kubica, Kamil"]
[Result "0-1"]
[WhiteTitle "k"]
[BlackTitle "k"]
[WhiteElo "2014"]
[BlackElo "2139"]

1. g3 Nf6 2. Bg2 d5 3. Nf3 g6 4. O-O Bg7 5. d3 O-O 6. Nbd2 c6 7. e4 dxe4 8. dxe4
Qc7 9. Qe2 Nbd7 10. e5 Nd5 11. c4 N5b6 12. Re1 Nc5 13. Qe3 Ne6 14. b3 Rd8 15.
Bb2 Nd7 16. Rad1 b6 17. Ba3 Ndc5 18. Bf1 Bb7 19. Bb2 Rd7 20. b4 Na6 21. a3 Rad8
22. c5 bxc5 23. Bc4 cxb4 24. Bxe6 fxe6 25. Qb3 Rd5 26. axb4 Qb6 27. Bc3 Nc5 28.
Qc4 Nd3 29. Qg4 Qxf2+ 30. Kh1 Qxe1+ 31. Kg2 Qe2+ 32. Kh3 Nf2+ 0-1

[Event "XXXIII MIEDZYNARODOWE SZACHOWE MISTRZOSTWA MALOPOLSKI - Grupa A"]
[Site "Hotel Galaxy, ul. Gesia 22a, Krakow"]
[Date "1899-12-30"]
[Round "6.16"]
[White "Hnatyshyn, Anastasiia"]
[Black "Molnar, Laszlo"]
[Result "1-0"]
[WhiteTitle "WFM"]
[BlackTitle ""]
[WhiteElo "2127"]
[BlackElo "1978"]

1. e4 c5 2. Nf3 d6 3. d4 cxd4 4. Nxd4 Nf6 5. Nc3 g6 6. Be3 Bg7 7. f3 a6 8. Qd2
Nbd7 9. g4 b5 10. h4 b4 11. Na4 Ne5 12. h5 Nxf3+ 13. Nxf3 Bxg4 14. h6 Bxh6 15.
Bxh6 Bxf3 16. Rh3 Bg4 17. Rh4 Bd7 18. Qxb4 Rb8 19. Qa3 Qa5+ 20. Nc3 Qxa3 21. bxa3
Rg8 22. Bg5 Ng4 23. Rxh7 Ne5 24. Be2 e6 25. O-O-O Rc8 26. Rdh1 f6 27. Bxf6 Rxc3
28. Re7+ Kf8 29. Rf1 1-0

[Event "XXXIII MIEDZYNARODOWE SZACHOWE MISTRZOSTWA MALOPOLSKI - Grupa A"]
[Site "Hotel Galaxy, ul. Gesia 22a, Krakow"]
[Date "1899-12-30"]
[Round "6.17"]
[White "Mirski, Michal"]
[Black "Dylag, Emilia"]
[Result "0-1"]
[WhiteTitle "I++"]
[BlackTitle "WFM"]
[WhiteElo "1986"]
[BlackElo "2095"]

1. e4 e5 2. Nf3 Nc6 3. Bc4 Bc5 4. O-O d6 5. c3 Nf6 6. d3 h6 7. Nbd2 a6 8. Bb3 O-O
9. Re1 Ng4 10. Re2 Kh8 11. Nf1 f5 12. d4 fxe4 13. Rxe4 d5 14. Rxg4 Bxg4 15. dxc5
e4 16. h3 Bxf3 17. gxf3 Rxf3 18. Ng3 Qh4 19. Kg2 Raf8 20. Be3 Ne7 21. Qe1 Nf5
22. Bd1 Rxe3 23. fxe3 Qg5 24. Kh2 Nxe3 25. Ba4 Rf1 26. Qxf1 Nxf1+ 27. Rxf1 Qd2+
28. Kg1 c6 29. Rf2 Qe3 30. Kg2 Qxc5 31. Bd1 g6 32. Bg4 h5 33. Bd1 Qe7 34. Ne2
c5 35. Bb3 Qg5+ 36. Kf1 c4 37. Bc2 Qe3 38. Nf4 Kh7 39. h4 Qg3 40. Nxd5 e3 41.
Rf7+ Kg8 42. Rf6 e2+ 43. Kxe2 Qg2+ 44. Rf2 Qxd5 45. Ke3 Kg7 46. Be4 Qc5+ 47. Kf3
Qc8 48. Rg2 Qh3+ 49. Ke2 Qxh4 50. Bxg6 Kf6 51. Bc2 Ke5 52. a4 Qf4 53. Rf2 Qc1
54. Kf3 Qxb2 55. Re2+ Kf6 56. Be4 Qxc3+ 57. Kf4 Qc1+ 58. Kf3 b5 59. axb5 axb5
60. Rc2 Qa3+ 61. Kf4 Qd6+ 62. Ke3 Ke5 63. Re2 Qh6+ 64. Kf3 Qf4+ 65. Kg2 Qxe4+
0-1

[Event "XXXIII MIEDZYNARODOWE SZACHOWE MISTRZOSTWA MALOPOLSKI - Grupa A"]
[Site "Hotel Galaxy, ul. Gesia 22a, Krakow"]
[Date "1899-12-30"]
[Round "6.18"]
[White "Meers, Hubert"]
[Black "Syrkiewicz, Michal"]
[Result "1-0"]
[WhiteTitle "k"]
[BlackTitle "k"]
[WhiteElo "2071"]
[BlackElo "1945"]

1. e4 c5 2. Nf3 e6 3. d4 cxd4 4. Nxd4 Nc6 5. Nc3 Qc7 6. Be3 a6 7. Qf3 Ne5 8. Qg3
b5 9. O-O-O Nf6 10. Bxb5 axb5 11. Ndxb5 Qb8 12. Bf4 d6 13. Nxd6+ Bxd6 14. Rxd6
Nh5 15. Qg5 Qxd6 16. Bxe5 Ra5 17. f4 Nxf4 18. Bxf4 Rxg5 19. Bxd6 Rxg2 20. b4 Bb7
21. b5 Kd7 22. Rd1 Rc8 23. Kb2 f5 24. exf5 exf5 25. Kb3 Ke6 26. b6 Rd8 27. Nb5
Be4 28. Kb4 Rxc2 29. Nd4+ Kxd6 30. Nxc2+ Ke7 31. Nd4 f4 32. Kc5 Rc8+ 33. Kb5 Rd8
34. Re1 Rd5+ 35. Kc4 Re5 36. Rxe4 Rxe4 37. b7 1-0

[Event "XXXIII MIEDZYNARODOWE SZACHOWE MISTRZOSTWA MALOPOLSKI - Grupa A"]
[Site "Hotel Galaxy, ul. Gesia 22a, Krakow"]
[Date "1899-12-30"]
[Round "6.19"]
[White "Karut, Kacper"]
[Black "Kasperek, Ryszard"]
[Result "1-0"]
[WhiteTitle "I"]
[BlackTitle "m"]
[WhiteElo "1954"]
[BlackElo "2065"]

1. e4 c5 2. Nf3 e6 3. d4 cxd4 4. Nxd4 a6 5. Bd3 Bc5 6. Nb3 Ba7 7. O-O Nc6 8. Qe2
Nge7 9. Be3 O-O 10. f4 f5 11. e5 Nb4 12. Bxa7 Rxa7 13. a3 Nxd3 14. Qxd3 b6 15.
c4 Rc7 16. Nc3 Bb7 17. Rac1 g5 18. Ne2 Ng6 19. Qe3 Qa8 20. g3 Rfc8 21. Nd2 b5
22. c5 g4 23. b4 a5 24. Nc3 Qa6 25. Kf2 Qc6 26. Rg1 Qa6 27. Nb3 axb4 28. axb4
Qa3 29. Nxb5 Qb2+ 30. Nd2 Qxb4 31. Nxc7 Rxc7 32. Qc3 Qa4 33. Rb1 Bd5 34. Rb6 Nxf4
35. Ra1 Nd3+ 36. Ke3 Rxc5 37. Qxc5 Nxc5 38. Rxa4 Nxa4 39. Rb8+ Kf7 40. Kd4 Ke7
41. Rb4 Bc6 42. Nc4 h5 43. Na5 Ba8 44. Rxa4 f4 45. gxf4 h4 46. Nc4 Bc6 47. Ra2
1-0

[Event "XXXIII MIEDZYNARODOWE SZACHOWE MISTRZOSTWA MALOPOLSKI - Grupa A"]
[Site "Hotel Galaxy, ul. Gesia 22a, Krakow"]
[Date "1899-12-30"]
[Round "6.20"]
[White "Czarnecka, Lidia"]
[Black "Kusiak, Mateusz"]
[Result "1-0"]
[WhiteTitle "WCM"]
[BlackTitle "I++"]
[WhiteElo "2027"]
[BlackElo "1943"]

1. e4 c5 2. Nf3 Nc6 3. d4 cxd4 4. Nxd4 Nf6 5. Nc3 e6 6. Nxc6 bxc6 7. e5 Nd5 8.
Ne4 Bb7 9. c4 Nb4 10. Bf4 c5 11. Nc3 Be7 12. Be2 g5 13. Be3 Bxg2 14. Rg1 Bc6 15.
a3 Na6 16. Bf3 Qc7 17. Bxc6 dxc6 18. Qf3 Rd8 19. Qg3 Qb6 20. Rb1 Qb3 21. Bxg5
Rg8 22. Qh4 Rd3 23. Qe4 Rd7 24. Qxh7 Rg6 25. Rg3 Bf8 26. Be3 Qc2 27. Rxg6 fxg6
28. Qh3 Nc7 29. Qg4 Rh7 30. Qg2 Kf7 31. Qxc6 Kg8 32. Qe4 Qxe4 33. Nxe4 Rxh2 34.
Ke2 Bg7 35. Nxc5 Bxe5 36. Nd3 1-0

[Event "XXXIII MIEDZYNARODOWE SZACHOWE MISTRZOSTWA MALOPOLSKI - Grupa A"]
[Site "Hotel Galaxy, ul. Gesia 22a, Krakow"]
[Date "1899-12-30"]
[Round "6.21"]
[White "Wnek, Filip"]
[Black "Lecki, Leonard"]
[Result "1-0"]
[WhiteTitle "I++"]
[BlackTitle "I+"]
[WhiteElo "2057"]
[BlackElo "1914"]

1. e4 d5 2. exd5 Qxd5 3. Nf3 Bg4 4. Be2 c6 5. O-O Nf6 6. c4 Qd8 7. d4 e6 8. Bf4
Nbd7 9. Nc3 Be7 10. h3 Bxf3 11. Bxf3 Nb6 12. Qd3 O-O 13. Rfd1 Qd7 14. a3 Rfd8
15. b4 Rac8 16. Qe2 Na8 17. Be5 Nc7 18. Rac1 h6 19. g4 Nh7 20. Bg2 Bf6 21. Ne4
Qe7 22. Nc5 Ne8 23. a4 Nf8 24. Qe3 Bg5 25. Bf4 Ng6 26. Bxg5 hxg5 27. b5 b6 28.
Ne4 cxb5 29. axb5 Nf4 30. c5 f6 31. Bf1 Qb7 32. Bc4 Kh8 33. h4 Qe7 34. f3 bxc5
35. dxc5 Rd5 36. Kf2 Rxd1 37. Rxd1 Rd8 38. Rh1 Kg8 39. hxg5 fxg5 40. Nxg5 Qxg5
41. Bxe6+ Kf8 42. Rh8+ Ke7 43. Bf5+ Kf7 44. Qb3+ Nd5 45. Qd3 Ndf6 46. Qc4+ Rd5
47. f4 Ne4+ 48. Qxe4 Rd2+ 49. Ke3 Rd3+ 50. Kxd3 Qd8+ 51. Kc2 1-0

[Event "XXXIII MIEDZYNARODOWE SZACHOWE MISTRZOSTWA MALOPOLSKI - Grupa A"]
[Site "Hotel Galaxy, ul. Gesia 22a, Krakow"]
[Date "1899-12-30"]
[Round "6.22"]
[White "Orzechowski, Jacek"]
[Black "Muller, Maxime"]
[Result "1/2-1/2"]
[WhiteTitle "m"]
[BlackTitle ""]
[WhiteElo "2139"]
[BlackElo "1974"]

1. c4 e6 2. Nf3 d5 3. g3 Nf6 4. Bg2 dxc4 5. Qa4+ Bd7 6. Qxc4 c5 7. O-O Nc6 8. b3
Be7 9. Bb2 O-O 10. Ne5 Nxe5 11. Bxe5 b5 12. Qc2 Rc8 13. d3 Bc6 14. Bxc6 Rxc6 15.
a4 a6 16. axb5 axb5 17. Nd2 Nd5 18. Ra7 Bd6 19. Bxd6 Qxd6 20. Rfa1 Rfc8 1/2-1/2

[Event "XXXIII MIEDZYNARODOWE SZACHOWE MISTRZOSTWA MALOPOLSKI - Grupa A"]
[Site "Hotel Galaxy, ul. Gesia 22a, Krakow"]
[Date "1899-12-30"]
[Round "6.23"]
[White "Sygulski, Piotr"]
[Black "Kulesza, Andrzej"]
[Result "0-1"]
[WhiteTitle "I+"]
[BlackTitle "I++"]
[WhiteElo "1981"]
[BlackElo "2064"]

1. d4 Nf6 2. Nf3 g6 3. g3 Bg7 4. Bg2 d6 5. O-O O-O 6. c4 Nbd7 7. b3 c6 8. Nc3 Qc7
9. e4 e5 10. Bb2 a5 11. dxe5 Nxe5 12. Qc2 Rd8 13. Nd4 h5 14. h3 Ned7 15. Rad1
Nc5 16. Kh1 Bd7 17. f4 Re8 18. Bc1 Rad8 19. f5 Nh7 20. fxg6 fxg6 21. Nde2 Bc8
22. Nf4 Nf8 23. Nce2 Nce6 24. Bb2 Bxb2 25. Qxb2 Qg7 26. Qd2 b6 27. Nd4 Nxd4 28.
Qxd4 Qxd4 29. Rxd4 Ne6 30. Nxe6 Rxe6 31. Rfd1 c5 32. Rd5 Kf8 33. e5 Ke7 34. exd6+
Rdxd6 35. R1d2 Rxd5 36. Bxd5 Re3 37. Kg2 Bf5 38. h4 Rc3 39. Kf2 Kf6 40. Bf3 Rc2
41. Ke3 Rxd2 42. Kxd2 Ke5 43. Ke3 Bb1 44. Bd1 Kf5 45. a3 Ke5 46. b4 axb4 47. axb4
cxb4 48. Ba4 Bf5 49. Bd1 Be6 50. Kd3 Bd7 51. Ke3 b5 52. cxb5 Bxb5 53. Bc2 Be8
54. Bb3 Bd7 55. Bc2 Bf5 56. Bb3 Bb1 57. Kf3 Kd4 58. g4 Kc3 59. Bf7 Bc2 0-1

[Event "XXXIII MIEDZYNARODOWE SZACHOWE MISTRZOSTWA MALOPOLSKI - Grupa A"]
[Site "Hotel Galaxy, ul. Gesia 22a, Krakow"]
[Date "1899-12-30"]
[Round "6.24"]
[White "Kumor, Lukasz"]
[Black "Cichon, Jakub"]
[Result "1-0"]
[WhiteTitle "k"]
[BlackTitle "I+"]
[WhiteElo "2052"]
[BlackElo "1937"]

1. e4 e5 2. Nf3 Nc6 3. Bb5 a6 4. Ba4 Nge7 5. O-O g6 6. c3 Bg7 7. d4 exd4 8. cxd4
b5 9. Bb3 O-O 10. d5 Na5 11. Bd2 Bxb2 12. Bxa5 Bxa1 13. Nc3 Bxc3 14. Bxc3 d6 15.
Bf6 Bg4 16. Qd2 Bxf3 17. gxf3 Re8 18. Kh1 a5 19. Rg1 a4 20. Bc2 Rc8 21. Rg4 c6
22. Rh4 h5 23. Qh6 Nf5 24. Qh8# 1-0

[Event "XXXIII MIEDZYNARODOWE SZACHOWE MISTRZOSTWA MALOPOLSKI - Grupa A"]
[Site "Hotel Galaxy, ul. Gesia 22a, Krakow"]
[Date "1899-12-30"]
[Round "6.25"]
[White "Budzisz, Adrian"]
[Black "Barwinska, Ewa"]
[Result "0-1"]
[WhiteTitle "k"]
[BlackTitle "WCM"]
[WhiteElo "2049"]
[BlackElo "1953"]

1. d4 Nf6 2. c4 e6 3. Nf3 c5 4. d5 b5 5. dxe6 fxe6 6. cxb5 d5 7. e3 Bd6 8. Nc3
Bb7 9. e4 dxe4 10. Ng5 Bd5 11. Qa4 Nbd7 12. Ngxe4 Nxe4 13. Nxe4 Be5 14. Be2 O-O
15. Bf3 Bd4 16. Qc2 Ne5 17. Rg1 c4 18. Ke2 Nd3 19. Rf1 Qc7 20. Be3 Bxb2 21. Rab1
Qe5 22. Rxb2 Nxb2 23. Qc3 Qxc3 24. Nxc3 Bxf3+ 25. gxf3 Nd3 26. Rb1 Ne5 27. a4
Nxf3 28. a5 e5 29. Bc5 Nd4+ 30. Kf1 Rf3 31. Ne4 Rb3 32. Rxb3 cxb3 33. b6 axb6
34. axb6 b2 35. Nc3 Ra1+ 0-1

[Event "XXXIII MIEDZYNARODOWE SZACHOWE MISTRZOSTWA MALOPOLSKI - Grupa A"]
[Site "Hotel Galaxy, ul. Gesia 22a, Krakow"]
[Date "1899-12-30"]
[Round "6.26"]
[White "Ten Have, Roland"]
[Black "Rosol, Philip"]
[Result "1-0"]
[WhiteTitle ""]
[BlackTitle "II"]
[WhiteElo "1937"]
[BlackElo "2002"]

1. e4 c5 2. Nc3 Nc6 3. g3 Nf6 4. Bg2 d6 5. d3 e5 6. h3 g6 7. Be3 Bg7 8. Qd2 Nd4
9. Nge2 O-O 10. f4 Bd7 11. O-O b5 12. g4 b4 13. Nd1 Nxe2+ 14. Qxe2 Qc7 15. f5
Rfc8 16. Bg5 Ne8 17. f6 h6 18. Bh4 Bf8 19. Ne3 Be6 20. b3 a5 21. g5 a4 22. Nd5
Bxd5 23. exd5 axb3 24. cxb3 Ra3 25. Be4 Rca8 26. gxh6 Qa7 27. Rf2 c4 28. Bxg6
Qd4 29. Bxf7+ Kh8 30. Qg4 Qxg4+ 31. hxg4 cxb3 32. g5 Rxa2 33. Rb1 Rc8 34. Rxb3
Rc1+ 35. Kg2 Rxf2+ 36. Bxf2 Nxf6 37. gxf6 Bxh6 38. Rxb4 Bg5 39. Bh4 Rc2+ 40. Kf3
Bf4 41. Bg6 Rc8 42. Rb7 Kg8 43. Rh7 e4+ 44. Kxf4 exd3 45. f7+ Kf8 46. Rh8+ 1-0

[Event "XXXIII MIEDZYNARODOWE SZACHOWE MISTRZOSTWA MALOPOLSKI - Grupa A"]
[Site "Hotel Galaxy, ul. Gesia 22a, Krakow"]
[Date "1899-12-30"]
[Round "6.27"]
[White "Markowski, Damian"]
[Black "Gorniewicz, Oskar"]
[Result "1-0"]
[WhiteTitle "FM"]
[BlackTitle "I"]
[WhiteElo "2160"]
[BlackElo "1904"]

1. d4 Nf6 2. Bf4 d5 3. e3 e6 4. Nf3 Bd6 5. Bg3 O-O 6. Nbd2 b6 7. Bd3 Ba6 8. c4
dxc4 9. Nxc4 Bb4+ 10. Kf1 Be7 11. Qe2 Nbd7 12. Rd1 Qc8 13. h4 h5 14. Ng5 c5 15.
Kg1 Bb7 16. f3 cxd4 17. exd4 Qc6 18. Kh2 Nd5 19. a3 Bf6 20. Rhe1 Bxg5 21. hxg5
h4 22. Be5 f6 23. Qe4 fxe5 24. Qh7+ Kf7 25. Bg6+ Ke7 26. Qxg7+ Kd8 27. Nxe5 Qd6
28. Kh1 Nxe5 29. Qxb7 Qc6 30. Qxc6 Nxc6 31. Rxe6 Kd7 32. Re4 h3 33. Bh7 hxg2+
34. Kxg2 Nf4+ 35. Kg3 Nh5+ 36. Kg4 Ng7 37. d5 Ne7 38. d6 Nef5 39. Bxf5+ Nxf5 40.
Re5 1-0

[Event "XXXIII MIEDZYNARODOWE SZACHOWE MISTRZOSTWA MALOPOLSKI - Grupa A"]
[Site "Hotel Galaxy, ul. Gesia 22a, Krakow"]
[Date "1899-12-30"]
[Round "6.28"]
[White "Darowicki, Mariusz"]
[Black "Sliwicki, Damian"]
[Result "1/2-1/2"]
[WhiteTitle "I++"]
[BlackTitle "CM"]
[WhiteElo "1970"]
[BlackElo "2158"]

1. Nf3 g6 2. d4 Bg7 3. e4 c5 4. dxc5 Nf6 5. Bd3 Qa5+ 6. Nc3 Qxc5 7. Be3 Qc7 8.
Nb5 Qd8 9. O-O a6 10. Nc3 d6 11. a4 O-O 12. a5 Nbd7 13. h3 b5 14. axb6 Nxb6 15.
Qe2 a5 16. Rfd1 Nfd7 17. Bd4 Qc7 18. Bxg7 Kxg7 19. Qe3 Bb7 20. Qg5 Nc5 21. Nh4
Kh8 22. e5 Nxd3 23. Rxd3 dxe5 24. Re1 e4 25. Rg3 Rg8 26. Nxe4 Nd5 27. Rf3 f5 28.
Nc3 Nf6 29. Rfe3 Rg7 30. Nxf5 gxf5 31. Qxg7+ Kxg7 32. Rxe7+ Qxe7 33. Rxe7+ Kg6
34. Rxb7 Rd8 35. Rb5 Rd2 36. Rxa5 Rxc2 37. Rb5 f4 38. Kf1 Nh5 39. Nd5 Rd2 40.
Ke1 Rc2 41. b4 Rb2 42. Ne7+ Kh6 43. Nf5+ Kg6 44. Nh4+ Kh6 45. Rb6+ Kg5 46. Nf3+
Kf5 47. Rb5+ Kg6 48. Ne5+ Kh6 49. Nd3 f3 50. gxf3 Rb1+ 51. Ke2 Ng7 52. Re5 Kg6
53. Re4 Nf5 54. Nf4+ Kf7 55. Nh5 Rb2+ 56. Kf1 Nd6 57. Rf4+ Ke6 58. Ng3 h6 59.
Rh4 Nf7 60. Kg2 Kf6 61. Rf4+ Kg6 62. Rd4 Kf6 63. Ne4+ Kg6 64. Nd6 Ng5 65. f4 Nh7
66. b5 Nf6 67. f5+ Kg5 68. Rc4 Nd5 69. Rg4+ Kh5 70. Rd4 Nf6 71. Kg3 Kg5 72. h4+
Kh5 73. f3 Rb1 74. Ne4 Nxe4+ 75. fxe4 Rxb5 76. Kf4 Rb1 77. e5 Rf1+ 78. Ke4 Re1+
1/2-1/2